“Isisblumen” au Pays de Kouch: Bilan et Perspectives /

This article summarizes and critically assesses current data about the “Isisblumen,” a term coined by Günther Roeder to describe the way in which the encounter between Egypt and Nubia produced a new religious landscape in the last centuries of paganism. After providing an exhaustive catalogue of the...

وصف كامل

محفوظ في:

المؤلف الرئيسي: Sakamoto, Tsubasa.

التنسيق: كتاب

اللغة: Undetermined

الوصول للمادة أونلاين: Login to view Source

الوسوم: إضافة وسم

لا توجد وسوم, كن أول من يضع وسما على هذه التسجيلة!

رقم الطلب:

LEADER 01094nam a2200109Ia 4500
008 220712s9999||||xx |||||||||||||| ||und||
100 1 |a Sakamoto, Tsubasa. 
245 1 0 |a “Isisblumen” au Pays de Kouch: Bilan et Perspectives /  |c Tsubasa Sakamoto. 
520 3 |a This article summarizes and critically assesses current data about the “Isisblumen,” a term coined by Günther Roeder to describe the way in which the encounter between Egypt and Nubia produced a new religious landscape in the last centuries of paganism. After providing an exhaustive catalogue of the materials, the present author will explore how this motif illustrates the interaction between the two worlds and how it relates to the nomadic populations who had been living along the southern frontier of Egypt, i.e., the Blemmyes and the Noubades. A discussion will also be given on their role in the maintenance of religious activity of Philae. 
856 4 |u https://lockwoodonlinejournals.com/index.php/jarce/workflow/access/237 
952 |0 0  |1 0  |4 0  |7 1  |9 42380  |a JARCE  |b JARCE  |d 2022-08-09  |l 0  |r 2022-08-09 00:00:00  |w 2022-08-09  |y PT 
999 |c 49143  |d 49143